The tribal hangover / (Record no. 130703)

MARC details
000 -LEADER
fixed length control field 00593nam a22002177a 4500
005 - DATE AND TIME OF LATEST TRANSACTION
control field 20170124110115.0
010 ## - LIBRARY OF CONGRESS CONTROL NUMBER
LC control number A-751476
020 ## - INTERNATIONAL STANDARD BOOK NUMBER
Terms of availability 00.00
035 ## - SYSTEM CONTROL NUMBER
System control number A-751476
037 ## - SOURCE OF ACQUISITION
Source of stock number/acquisition Cen Lib/Ret
040 ## - CATALOGING SOURCE
Original cataloging agency DPL
Language of cataloging EN
082 ## - DEWEY DECIMAL CLASSIFICATION NUMBER
Classification number N
Item number GOO
100 ## - MAIN ENTRY--PERSONAL NAME
Personal name Goonewardene, James
9 (RLIN) 29887
245 ## - TITLE STATEMENT
Title The tribal hangover /
Statement of responsibility, etc by James Goonewardene
260 ## - PUBLICATION, DISTRIBUTION, ETC. (IMPRINT)
Place of publication, distribution, etc New Delhi
Name of publisher, distributor, etc Penguin Books
Date of publication, distribution, etc 1995
270 ## - ADDRESS
City New Delhi
Address 210 chiranjivi tower, 43, nehru place
Postal code 110019
300 ## - PHYSICAL DESCRIPTION
Extent 241p.
Dimensions 17cm(Hb)
650 ## - SUBJECT ADDED ENTRY--TOPICAL TERM
Topical term or geographic name as entry element Literature
9 (RLIN) 6262
650 ## - SUBJECT ADDED ENTRY--TOPICAL TERM
Topical term or geographic name as entry element Novel
9 (RLIN) 22513
942 ## - ADDED ENTRY ELEMENTS (KOHA)
Source of classification or shelving scheme Dewey Decimal Classification
Koha item type English Books
Classification part N
Call number suffix GOO
Holdings
Withdrawn status Lost status Damaged status Not for loan Home library Current library Date acquired Source of acquisition Cost, normal purchase price Total Checkouts Full call number Barcode Date last seen Copy number Cost, replacement price Price effective from Koha item type Public note
Written off       Central Library Central Library 10/07/2015 Cen Lib/Ret 0.00   N GOO A-751476 10/07/2015 1 0.00 10/07/2015 English Books W/d List No. 6876/7 ; dtd 22/08/2020

© Delhi Public Library
Hit Counter
free hit counter